World Systems Theory: Periphery Countries - Statistics

General Stats
  • This quiz has been taken 21 times
  • The average score is 33 of 71
Answer Stats
Answer % Correct
Niger
75%
Afghanistan
63%
Cambodia
63%
Central African Republic
63%
El Salvador
63%
Kenya
63%
Nepal
63%
Sudan
63%
Botswana
56%
D.R. Congo
56%
Egypt
56%
Gabon
56%
Guatemala
56%
Guinea
56%
Honduras
56%
Iraq
56%
Lebanon
56%
Lesotho
56%
Morocco
56%
Panama
56%
Republic of the Congo
56%
Suriname
56%
Syria
56%
Algeria
50%
Belarus
50%
Bolivia
50%
Eritrea
50%
Guinea-Bissau
50%
Nicaragua
50%
Philippines
50%
Tunisia
50%
Bangladesh
44%
Barbados
44%
Cameroon
44%
Colombia
44%
Costa Rica
44%
Croatia
44%
Cuba
44%
Gambia
44%
Hungary
44%
Kosovo
44%
Kuwait
44%
Macedonia
44%
Malaysia
44%
Mali
44%
Mauritania
44%
Mozambique
44%
Pakistan
44%
Trinidad and Tobago
44%
Venezuela
44%
Albania
38%
Bosnia and Herzegovina
38%
Latvia
38%
Lithuania
38%
Mongolia
38%
Papua New Guinea
38%
Senegal
38%
Serbia
38%
Slovenia
38%
Togo
38%
United Arab Emirates
38%
Uruguay
38%
Cyprus
31%
Czech Republic
31%
Georgia
31%
Montenegro
31%
Poland
31%
Bulgaria
25%
Kazakhstan
25%
Russia
25%
Saudi Arabia
25%
No matching quizzes found
Score Distribution
Percent of People with Each Score
Percentile by Number Answered
Your Score History
You have not taken this quiz